Countries with Two Letters Changed - Statistics

General Stats
  • This quiz has been taken 766 times
    753 since last reset
  • The average score is 10 of 21
Answer Stats
Hint Answer % Correct
AUSTRAL AUSTRIA
97%
EQUATOR ECUADOR
95%
GREETS GREECE
92%
GURU PERU
79%
APPAL NEPAL
72%
POLO TOGO
63%
CHIN CHAD
53%
MALADY MALAWI
51%
SPARE SPAIN
49%
BRUTAL BHUTAN
43%
BESIDE BELIZE
42%
TUNA CUBA
39%
GENERAL SENEGAL
35%
RADAR QATAR
33%
MALAISES MALDIVES
32%
TABOO GABON
27%
SEVEN YEMEN
27%
ORANGE FRANCE
25%
WAITS HAITI
25%
RUINED GUINEA
23%
KOREAN JORDAN
7%
No matching quizzes found
Score Distribution
Percent of People with Each Score
Percentile by Number Answered
Your Score History
You have not taken this quiz since the last reset